01200 a2200157 45000010006000000050017000060080041000230030015000640400040000790800032001192450101001512640054002523000019003065050699003251000018010245951920260407155849.0260407a1995 arg spa dAR-UNSa-BCEJYS aAR-UNSa-BCEJYSbspacAR-UNSa-BCEJYS a330(82)xEconomia Argentina10aMas alla de la estabilidadpArgentina en la época de la globalización y la regionalización 1aBuenos Aires :bFundación Friedrich Ebertc1995 a328 p.c23 cm. a1. Argentina: ¿Nuevo capitalismo emergente? – 2. Un ensayo sobre la política económica después de la estabilización – 3. La industria argentina, un proceso de reestructuración desarticulada – 4. Grandes grupos económicos en la Argentina. Formas de propiedad y lógicas de expansión – 5. Las economías regionales: un proceso de decadencia estructural – 6. Reconversión productiva y empleo en Argentina – 7. Baja inflación, reactivación y mayor desempleo ¿paradoja o mala praxis? – 8. Estabilización, ajuste estructural y política social. Los inocentes son culpables – 9. Antes y después de la unión aduanera del Mercosur prioridades de política1 aBustos, Pablo